LEADER 01141nam--2200373---4500 001 990000681830203316 005 20100104091754.0 010 $a88-204-9368-3 035 $a0068183 035 $aUSA010068183 035 $a(ALEPH)000068183USA01 035 $a0068183 100 $a20011015d1995----km-y0ENGy0103----ba 101 $aita 102 $aIT 200 1 $aEconomia al bivio$eseminari sui fondamenti dell'economia politica$fa cura di Gianfranco Sabbatini 210 $aMilano$cF. Angeli$dc1995 215 $a442 p.$d22 cm 225 2 $aEconomia$hSezione$v17 410 $12001$aEconomia$iSezione$v17 606 $aEconomia$xCongressi 676 $a330 702 1$aSABATTINI,$bGianfranco 801 0$aIT$bsalbc$gISBD 912 $a990000681830203316 951 $aXXX.B. Coll. 77/ 3 (COLL. PLS 17)$b3950 EC$cXXX.B. Coll. 77/ 3 (COLL. PLS)$d00262869 959 $aBK 969 $aECO 979 $aPATTY$b90$c20011015$lUSA01$h2041 979 $c20020403$lUSA01$h1717 979 $aPATRY$b90$c20040406$lUSA01$h1647 979 $aRSIAV2$b90$c20100104$lUSA01$h0917 996 $aEconomia al bivio$961370 997 $aUNISA